000 00747nab a2200229 u 4500
001 09600
003 HDC
007 cr bn ---aaaaa
008 210202c2010 my dr|nes 0 a eng d
040 _aHDC
245 0 _aMessage From the Prime Minister
260 _aKuala Lumpur :
_bThe New Straits Times Press (M) Bhd.,
_c2010
336 _atext
_2rdacontent
337 _acomputer
_2rdamedia
338 _aonline resource
_2rdacarrier
650 _ahalal hub
_92262
650 _aWorld halal research
_99870
856 _zRequest full-text at [email protected]
942 _2lcc
942 _cNEWS
942 _kNWSC 002500
999 _c6923
_d6923